000 01631cam a22003371i 4500
003 SA-RiAUC
005 20240925084558.0
008 240921s2002 ts g 00010dara c
040 _aKW-ShULA
_bara
_cSA-RiAUC
_erda
050 _b.A84 2002
050 4 _bA64 2002
082 0 4 _a240‏
090 _a240
_bع ا ش
100 1 _aعاشور، مجدي محمد محمد،
_d1961-
_eمؤلف.
245 1 2 _aالثابت والمتغير في فكر الإمام أبي إسحاق الشاطبي /
_cمجدي محمد محمد عاشور.
250 _aالطبعة الأولى.
264 1 _aدبي، الإمارات العربية المتحدة :
_bدار البحوث للدراسات الإسلامية وإحياء التراث،
_c2002
300 _a564 صفحة ؛
_c24 سم.
336 _aنص
_btxt
_2rdacontent
_3كتاب
337 _aبدون وسيط
_bn
_2rdamedia
338 _aمجلد
_bnc
_2rdacarrier
490 0 _aسلسلة الدراسات الأصولية / دار البحوث للدراسات الإسلامية وإحياء التراث (دبي، الإمارات العربية المتحدة)
_v11
490 0 _aسلسلة الدراسات الأصولية ؛
_v11
504 _aببليوجرافية : صفحة 527-550.
600 1 7 _aالشاطبي، إبراهيم بن موسى بن محمد،
_dتوفي 790 هجري
_2aucnm
650 7 _aالفقه الإسلامي
_xمذاهب منقرضة
_2aucsh
650 7 _aالفقه المالكي
_2aucsh
650 7 _aالمسلمون
_vتراجم
_2aucsh
942 _2ddc
_cBOOK
_n0
949 _aSA-JeALM
_d240921
_umohamedma123
_n1
999 _c560
_d560